Souvenir: International Virtual Conference on Physics of Solid State Materials (Record no. 223391)
[ view plain ]
| 000 -LEADER | |
|---|---|
| fixed length control field | 00701nam a22002177a 4500 |
| 005 - DATE AND TIME OF LATEST TRANSACTION | |
| control field | 20220616163012.0 |
| 008 - FIXED-LENGTH DATA ELEMENTS--GENERAL INFORMATION | |
| fixed length control field | 220616b ||||| |||| 00| 0 eng d |
| 040 ## - CATALOGING SOURCE | |
| Transcribing agency | Aloy |
| 041 ## - LANGUAGE CODE | |
| Language code of text/sound track or separate title | eng |
| 082 ## - DEWEY DECIMAL CLASSIFICATION NUMBER | |
| Edition number | 23 |
| Classification number | 530 |
| Item number | DEPS |
| 100 ## - MAIN ENTRY--PERSONAL NAME | |
| Personal name | Department of Physics St Aloysius College Mangaluru |
| 100 ## - MAIN ENTRY--PERSONAL NAME | |
| 9 (RLIN) | 43543 |
| 245 ## - TITLE STATEMENT | |
| Title | Souvenir: International Virtual Conference on Physics of Solid State Materials |
| 260 ## - PUBLICATION, DISTRIBUTION, ETC. | |
| Place of publication, distribution, etc. | Mangaluru |
| Name of publisher, distributor, etc. | St Aloysius College (Autonomous) |
| Date of publication, distribution, etc. | 2020 |
| 300 ## - PHYSICAL DESCRIPTION | |
| Extent | vi,38p. |
| Other physical details | PB |
| Dimensions | 29x21cm. |
| 365 ## - TRADE PRICE | |
| Source of price type code | Physics |
| 650 ## - SUBJECT ADDED ENTRY--TOPICAL TERM | |
| Topical term or geographic name entry element | Physics |
| 9 (RLIN) | 43210 |
| 650 ## - SUBJECT ADDED ENTRY--TOPICAL TERM | |
| Topical term or geographic name entry element | 2-3 September 2020 |
| 9 (RLIN) | 43532 |
| 650 ## - SUBJECT ADDED ENTRY--TOPICAL TERM | |
| Topical term or geographic name entry element | Seminar |
| 9 (RLIN) | 43211 |
| 700 ## - ADDED ENTRY--PERSONAL NAME | |
| Personal name | DEPARTMENT OF PHYSICS ST ALOYSIUS COLLEGE |
| 9 (RLIN) | 43212 |
| 942 ## - ADDED ENTRY ELEMENTS (KOHA) | |
| Source of classification or shelving scheme | Dewey Decimal Classification |
| Koha item type | Donated Books |
| Withdrawn status | Lost status | Source of classification or shelving scheme | Damaged status | Not for loan | Collection code | Home library | Current library | Date acquired | Cost, normal purchase price | Total Checkouts | Full call number | Barcode | Date last seen | Cost, replacement price | Price effective from | Koha item type | Public note |
|---|---|---|---|---|---|---|---|---|---|---|---|---|---|---|---|---|---|
| Dewey Decimal Classification | Physics | St Aloysius Library | St Aloysius Library | 06/13/2022 | 0.00 | 530 DEPS | D04811 | 06/16/2022 | 0.00 | 06/16/2022 | Donated Books | Donated by Department of Physics St Aloysius College |